000 01780nam a22003374a 4500
001 496
003 BR-IBIA
005 20260129100320.0
008 150807s2013 bl g 000 f por
020 _a9788580411133
040 _bpor
041 1 _apor
_heng
043 _an-us---
082 0 4 _a813
_bH835v
100 1 _aHouck, Colleen
_d1969-
_91066
240 0 0 _aTiger's voyage.
245 1 2 _aA viagem do tigre /
_cColleen Houck ; [tradução: Ana Ban]
260 _aSão Paulo :
_bAqueiro,
_c2013.
300 _a400p. ;
490 0 _aA maldição do tigre ;
_v3
500 _a
520 _aEm sua terceira busca, a jovem Kelsey Hayes e seus tigres precisam vencer desafios incríveis propostos por cinco dragões míticos. O elemento comum é a água, e o cenário de mar aberto obriga Kelsey a enfrentar seus piores temores. Dessa vez, sua missão é encontrar o Colar de Pérolas Negras de Durga e tentar libertar seu amado Ren tanto da maldição do tigre quanto de sua repentina amnésia. No entanto o irmão dele, Kishan, tem outros planos, e os dois competem por sua afeição, além de afastarem aqueles que planejam frustrar seus objetivos. Em A viagem do tigre, terceiro volume da série A maldição do tigre, Kelsey, Ren e Kishan retomam a jornada em direção ao seu verdadeiro destino numa história com muito suspense, criaturas encantadas, corações partidos e ação de primeira. A épica saga dos tigres já foi lançada em 18 países e ocupou os primeiros lugares na lista dos mais vendidos do The New York Times.
650 0 4 _aLiteratura Americana
_984
650 0 4 _aMagia
_9785
650 0 4 _aAventura
_947
650 0 4 _aFantasia
_945
655 _aRomance
_923
655 _aFicção
_922
700 _aBan, Ana
_91067
942 _2ddc
_n0
_cBK
999 _c496
_d496